Dhuyufur-rahman (Record no. 127951)

MARC details
000 -LEADER
fixed length control field 00780nam a2200253 i 4500
001 - CONTROL NUMBER
control field C2-0328595
003 - CONTROL NUMBER IDENTIFIER
control field PPAK
005 - DATE AND TIME OF LATEST TRANSACTION
control field 20180728125901.0
008 - FIXED-LENGTH DATA ELEMENTS--GENERAL INFORMATION
fixed length control field 140825s2013 my a|||| ||||| | may d
020 ## - INTERNATIONAL STANDARD BOOK NUMBER
International Standard Book Number 9789830974231
040 ## - CATALOGING SOURCE
Original cataloging agency PPAK
Language of cataloging eng
Transcribing agency PPAK
Description conventions rda
082 04 - DEWEY DECIMAL CLASSIFICATION NUMBER
Classification number 297.352
Edition number 23
090 00 - LOCALLY ASSIGNED LC-TYPE CALL NUMBER (OCLC); LOCAL CALL NUMBER (RLIN)
Classification number (OCLC) (R) ; Classification number, CALL (RLIN) (NR) 297.352
Feature heading MOH
Feature heading G
100 0# - MAIN ENTRY--PERSONAL NAME
Personal name Mohamad Zaki Abdul Halim,
Relator term author
245 10 - TITLE STATEMENT
Title Dhuyufur-rahman
264 #1 - PRODUCTION, PUBLICATION, DISTRIBUTION, MANUFACTURE, AND COPYRIGHT NOTICE
Place of production, publication, distribution, manufacture Petaling Jaya, Selangor :
Name of producer, publisher, distributor, manufacturer Galeri Ilmu ,
Date of production, publication, distribution, manufacture, or copyright notice 2013
300 ## - PHYSICAL DESCRIPTION
Extent xiv, 349 pages :
Other physical details illustrations ;
Dimensions 22 cm
336 ## - CONTENT TYPE
Source rdacontent
Content type term text
337 ## - MEDIA TYPE
Source rdamedia
Media type term unmediated
338 ## - CARRIER TYPE
Source rdacarrier
Carrier type term volume
650 10 - SUBJECT ADDED ENTRY--TOPICAL TERM
Topical term or geographic name entry element Muslim pilgrimages and pilgrimages - Saudi Arabia - Mecca. ; Pillars of Islam.
700 0# - ADDED ENTRY--PERSONAL NAME
Personal name Mohd Shafie Hashim,
Relator term editor
942 ## - ADDED ENTRY ELEMENTS (KOHA)
-- dc
Koha item type Book
Holdings
Withdrawn Not for loan Current library Shelving location Date acquired Total Checkouts Total Renewals Full call number Barcode Date last seen Date last checked out Koha item type
    Perpustakaan Alor Setar Pinjaman Dewasa 07/09/2014 1 1 297.352 MOH A01448700 16/11/2019 23/10/2019 Book
    Perpustakaan Alor Setar Pinjaman Dewasa 07/09/2014 3 2 297.352 MOH A01448701 17/01/2024 28/12/2023 Book
    Perpustakaan Awam Sungai Petani Pinjaman Dewasa 07/09/2014 1   297.352 MOH A01448702 10/03/2026 21/02/2026 Book
    Perpustakaan Jitra Pinjaman Dewasa 07/09/2014 1   297.352 MOH A01448703 29/10/2019 07/10/2019 Book